| Tag |
First Indicator |
Second Indicator |
Subfields |
| LEADER |
00000cam a2200000 a 4500 |
| 001 |
in00001403079 |
| 005 |
20190207095844.0 |
| 008 |
790412s1979 nyua 000 0 eng |
| 010 |
|
|
|a 79002125
|
| 020 |
|
|
|a 0831745924
|
| 035 |
|
|
|a (OCoLC)04908138
|
| 035 |
|
|
|9 AHN0623AM
|
| 040 |
|
|
|a DLC
|c DLC
|d TXA
|d UtOrBLW
|
| 043 |
|
|
|a n-us-tx
|
| 049 |
|
|
|a TXAS [txas]
|
| 050 |
1 |
0 |
|a F394.H84
|b D48
|
| 082 |
0 |
0 |
|a 976.4/1411/06
|
| 090 |
|
|
|a F394.H84
|b D48 1979
|
| 100 |
1 |
|
|a Dewhurst, Robin.
|
| 245 |
1 |
0 |
|a Houston /
|c Robin Dewhurst ; designed and produced by Ted Smart & David Gibbon.
|
| 264 |
|
1 |
|a New York :
|b Mayflower Books,
|c 1979.
|
| 300 |
|
|
|a 1 volume (unpaged) :
|b color illustrations ;
|c 32 cm.
|
| 336 |
|
|
|a text
|b txt
|2 rdacontent
|
| 337 |
|
|
|a unmediated
|b n
|2 rdamedia
|
| 338 |
|
|
|a volume
|b nc
|2 rdacarrier
|
| 500 |
|
|
|a The Cushing Library/Chapman Texas Collection copy is part of the Floyd & Louise Chapman Texas & Borderlands Collection.
|5 TXA
|
| 500 |
|
|
|a Author from cover.
|
| 536 |
|
|
|a This book is given through the estate of M.D. "Bert" Wheeler, College Station, TX, 1999.
|
| 651 |
|
0 |
|a Houston (Tex.)
|x Description and travel.
|
| 999 |
|
|
|a MARS
|
| 999 |
f |
f |
|s abd63939-cc14-3572-bdcd-565085e5381f
|i 25b9b1ed-45d4-3709-bb9f-322def81d2ce
|t 0
|
| 952 |
f |
f |
|p noncirc
|a Texas A&M University
|b College Station
|c Cushing Memorial Library & Archives
|d Cushing: Chapman Texas Collection (Does not check out)
|t 0
|e F394.H84 D48 1979
|f Oversize
|h Library of Congress classification
|i unmediated -- volume
|
| 952 |
f |
f |
|p ric
|a Texas A&M University
|b Rellis Campus
|c Joint Library Facility
|d Remote Storage
|t 0
|e F394.H84 D48 1979
|h Library of Congress classification
|i unmediated -- volume
|m A14827044721
|
| 998 |
f |
f |
|a F394.H84 D48 1979
|t 0
|l Cushing: Chapman Texas Collection (Does not check out)
|
| 998 |
f |
f |
|a F394.H84 D48 1979
|t 0
|l Remote Storage
|